000 00336nam a2200121Ia 4500
008 150201s2008 xx 000 0 und d
082 _a616.1
_bE08S
100 _aSURAWIAZ,BORYS
245 _aCHOU'S ELECTROCARDIOGRAPHY IN CLINICAL PRACTICE
260 _bSUNDERS ELSEVIER
_aDELHI
_c2008
650 _aMEDICINE AND DIAGNOSIS
942 _2ddc
_cBK
999 _c851
_d851